Personnages de Mercredi - Statistiques

Statistiques générales
  • Ce quiz a été pris 216 fois
  • Le résultat moyen est 11 sur 29
Statistiques - réponses
Personnages % Correct
Addams Mercredi
99%
Addams Morticia
91%
Addams Gomez
85%
Addams Pugsley
80%
élève Enid
79%
élève Bianca
72%
Addams La Chose
65%
élève Ajax
61%
élève Tyler
61%
Addams Fétide
57%
Zombie Slurp
51%
élève Xavier
51%
élève Eugene
38%
élève Bruno
36%
Directrice Larissa
35%
élève Agnès
30%
élève Yoko
26%
Directeur Barry
19%
Professeur Marylin
19%
Shérif Donovan
18%
Addams Max
18%
Frump Hester
11%
Professeur Isadora
11%
Dr Valerie
9%
Professeur Orloff
6%
Mère de Bianca Gabrielle
5%
Secrétaire Judi
5%
Shérif Ritchie
5%
Dr Fairburn
4%
Aucun quiz correspondant
Distribution des résultats
% des personnes avec chaque résultat
Percentile par nombre de réponses
Votre historique - résultats
Vous n’avez pas pris ce quiz